Koncepčné prístupy k investičnému rozhodovaniu v podmienkach nového mechanizmu riadenia národného hospodárstva 3. etapa riešenia čiastkovej úlohy SPEV 902-533-402/02

Gespeichert in:
Bibliographische Detailangaben
Format: Buch
Sprache:Slowakisch
Veröffentlicht: Bratislava VŠE 1988
Tags: Tag hinzufügen
Keine Tags, Fügen Sie das erste Tag hinzu!

MARC

LEADER 00000nam a2200000 4500
001 c030139
005 20260325121458.2
041 0 |a slo 
044 |a SK 
245 1 0 |a Koncepčné prístupy k investičnému rozhodovaniu v podmienkach nového mechanizmu riadenia národného hospodárstva  |b 3. etapa riešenia čiastkovej úlohy SPEV 902-533-402/02 
264 1 |a Bratislava  |b VŠE  |c 1988 
300 |a 68 s.